| 000 | 01204nam a2200325 a 4500 | ||
|---|---|---|---|
| 001 | BRL_1281 | ||
| 005 | 20190320211127.0 | ||
| 008 | 191213s1981----u--a######---#000-0#eng-# | ||
| 020 | _a0806116501 | ||
| 041 | _aeng | ||
| 044 | _au | ||
| 050 | 4 |
_aF1219.3 _b.A53 1981 |
|
| 100 | 1 |
_aAnawalt, Patricia Rieff _d1924- _926371 |
|
| 245 | 1 | 0 |
_aIndian clothing before Cortés _bMesoamerican costumes from the codices _cby Patricia Rieff Anawalt ; foreword by H. B. Nicholson ; charts prepared by Jean Cuker Sells. |
| 260 |
_aNorman, Oklahoma _bUniversity of Oklahoma Press _cc1981 |
||
| 300 |
_axix, 232 p. _bil. (algunas a color) _c31 cm. |
||
| 440 | 0 |
_aThe civilization of the American Indian series _v156 _926372 |
|
| 500 | _aIncluye índice alfabético | ||
| 500 | _aIncluye dedicatoria para Ruth Lechuga | ||
| 500 | _aAu1484 | ||
| 504 | _aBibliografía: p. 219-225 | ||
| 650 | 1 | 4 |
_aIndígenas de México _xVestido _926373 |
| 650 | 1 | 4 |
_aArte indígena _zMéxico _9597 |
| 650 | 1 | 4 |
_aIndígenas de América Central _xVestido _926374 |
| 650 | 1 | 4 |
_aArte indígena _zAmérica Central _925340 |
| 700 | 1 |
_aNicholson, H. B. _926375 |
|
| 700 | 1 |
_aCuker Sells, Jean _926376 |
|
| 902 | _aGRL | ||
| 942 |
_2lcc _cB |
||
| 999 |
_c10093 _d10093 |
||